[Event "Oberliga Ost-A 2122"]
[Site "Germany"]
[Date "2022.07.10"]
[Round "7.4"]
[White "Alahmad, Fadi"]
[Black "Roesemann, Rainer"]
[Result "0-1"]
[WhiteElo "2141"]
[BlackElo "2262"]
[PlyCount "88"]
[EventDate "2021.10.10"]
[EventType "team-tourn"]
[EventRounds "11"]
[EventCountry "GER"]
[SourceTitle "EXT 2023"]
[Source "ChessBase"]
[SourceDate "2022.10.05"]
[SourceVersion "1"]
[SourceVersionDate "2022.10.05"]
[SourceQuality "1"]
[WhiteTeam "Leipzig VfB"]
[BlackTeam "Leipzig SG"]
[WhiteTeamCountry "GER"]
[BlackTeamCountry "GER"]

1. d4 Nf6 2. c4 e6 3. Nf3 b6 4. a3 Bb7 5. Nc3 d5 6. e3 Nbd7 7. Be2 Be7 8. 0-0 0-0 9. Ne5 dxc4 10. Nxc4 c5 11. Bf3 Bxf3 12. Qxf3 cxd4 13. exd4 Qc7 14. Nd2 Rfd8 15. h3 a6 16. Re1 Nf8 17. Nde4 Rac8 18. Bf4 Qc4 19. Be3 Qb3 20. Rab1 Nxe4 21. Nxe4 Ng6 22. Nd2 Qb5 23. g3 Rc2 24. b4 Rc3 25. Rec1 Rxa3 26. Rc7 Qd3 27. Qb7 Bf8 28. Rxf7 Ra2 29. Rc1 Rxd2 30. Bxd2 Qxd2 31. Rcc7 Qxd4 32. Kh2 a5 33. bxa5 bxa5 34. h4 h5 35. Qa6 Qe5 36. Rb7 Nxh4 37. Qc6 Nf5 38. Qc4 Nd6 39. Qc7 Nxf7 40. Qxf7+ Kh7 41. Rb3 Bc5 42. Rb5 h4 43. Kh3 Rd3 44. f4 Qe2 0-1

[Event "Oberliga Ost-A 2122"]
[Site "Germany"]
[Date "2022.07.09"]
[Round "6.3"]
[White "Erler, Rainer"]
[Black "Roesemann, Rainer"]
[Result "0-1"]
[WhiteElo "2100"]
[BlackElo "2262"]
[PlyCount "40"]
[EventDate "2021.10.10"]
[EventType "team-tourn"]
[EventRounds "11"]
[EventCountry "GER"]
[SourceTitle "EXT 2023"]
[Source "ChessBase"]
[SourceDate "2022.10.05"]
[SourceVersion "1"]
[SourceVersionDate "2022.10.05"]
[SourceQuality "1"]
[WhiteTeam "Dessau"]
[BlackTeam "Leipzig SG"]
[WhiteTeamCountry "GER"]
[BlackTeamCountry "GER"]

1. e4 c6 2. d4 d5 3. e5 Bf5 4. Nf3 e6 5. Be2 c5 6. Be3 Qb6 7. Nc3 Nc6 8. Na4 Qa5+ 9. c3 c4 10. b4 Bxb4 11. cxb4 Nxb4 12. Bd2 Bc2 13. Nc5 Bxd1 14. Bxd1 Nd3+ 15. Ke2 Qc7 16. Ba4+ Kf8 17. Nxd3 cxd3+ 18. Ke3 Ne7 19. Bb4 Kg8 20. Bd6 Nf5+ 0-1

[Event "Oberliga Ost-A 2122"]
[Site "Germany"]
[Date "2022.04.30"]
[Round "2.5"]
[White "Roesemann, Rainer"]
[Black "Sandner, Gunter"]
[Result "1-0"]
[WhiteElo "2262"]
[BlackElo "2257"]
[PlyCount "57"]
[EventDate "2021.10.10"]
[EventType "team-tourn"]
[EventRounds "11"]
[EventCountry "GER"]
[SourceTitle "EXT 2023"]
[Source "ChessBase"]
[SourceDate "2022.10.05"]
[SourceVersion "1"]
[SourceVersionDate "2022.10.05"]
[SourceQuality "1"]
[WhiteTeam "Leipzig SG"]
[BlackTeam "Plauen Koenig"]
[WhiteTeamCountry "GER"]
[BlackTeamCountry "GER"]

1. c4 e6 2. g3 d5 3. Bg2 dxc4 4. Nf3 Nf6 5. 0-0 c5 6. Na3 Nc6 7. Nxc4 Be7 8. b3 0-0 9. Bb2 Rb8 10. d4 Nd7 11. dxc5 Bxc5 12. Nfe5 Ncxe5 13. Nxe5 f6 14. Nd3 Bd6 15. e3 Qe7 16. Nf4 Be5 17. Bd4 b6 18. Rc1 Rd8 19. Qg4 f5 20. Qe2 g5 21. Nh5 Bxd4 22. exd4 Nf6 23. Qe5 Nd7 24. Rc7 Nxe5 25. Rxe7 Rxd4 26. Nf6+ Kf8 27. Rxa7 h6 28. Rc1 Bd7 29. f4 1-0

[Event "GER CupT"]
[Site "Kirchweyhe"]
[Date "2021.07.03"]
[Round "1.2"]
[White "Roesemann, Rainer"]
[Black "Schmaltz, Roland"]
[Result "0-1"]
[WhiteElo "2269"]
[BlackElo "2449"]
[PlyCount "128"]
[EventDate "2021.07.03"]
[EventType "team-k.o."]
[EventRounds "2"]
[EventCountry "GER"]
[SourceTitle "CBM 203 Extra"]
[Source "ChessBase"]
[SourceDate "2021.09.30"]
[SourceVersion "1"]
[SourceVersionDate "2021.09.30"]
[SourceQuality "1"]
[WhiteTeam "Leipzig SG"]
[BlackTeam "Baden-Baden"]
[WhiteTeamCountry "GER"]
[BlackTeamCountry "GER"]

1. c4 c5 2. Nc3 g6 3. g3 Bg7 4. Bg2 Nc6 5. e4 e6 6. Nge2 Nge7 7. d3 d6 8. Bg5 h6 9. Be3 Nd4 10. Qd2 Bd7 11. 0-0 Bc6 12. Rab1 Qd7 13. b4 b6 14. f4 f5 15. Rfc1 0-0 16. a3 Rad8 17. b5 Bb7 18. Bxd4 cxd4 19. Na2 Qc8 20. Nb4 Qa8 21. Nc2 e5 22. Re1 Rf7 23. Nc1 fxe4 24. dxe4 Qc8 25. Qd3 exf4 26. gxf4 Rxf4 27. Ne2 Rg4 28. Nexd4 Nf5 29. Kh1 Nxd4 30. Nxd4 Rxg2 31. Kxg2 Qg4+ 32. Kh1 Bxd4 33. h3 Qf4 34. Qxd4 Re8 35. Qe3 Qxe3 36. Rxe3 Rxe4 37. Reb3 Rg4+ 38. Kh2 Rg2+ 39. Kh1 g5 40. Rb4 h5 41. Rf1 g4 42. hxg4 hxg4 43. c5 dxc5 44. Rbf4 Bf3 45. a4 Kg7 46. a5 Rb2+ 47. Kg1 Kg6 48. Rf8 bxa5 49. Rf2 Rxb5 50. Kh2 a4 51. Rd2 a3 52. Rd6+ Kg5 53. Rg8+ Kf4 54. Rf8+ Ke5 55. Ra6 Rb2+ 56. Kg3 Rg2+ 57. Kh4 a2 58. Rf7 Bd5 59. Rfxa7 Rg1 60. Ra5 Kf4 61. Ra4+ c4 62. Kh5 Rh1+ 63. Kg6 Be4+ 64. Kf6 Rh6+ 0-1

[Event "GER-ch Net Amateur Gr-A Final"]
[Site "Playchess.com INT"]
[Date "2020.04.18"]
[Round "2"]
[White "Roesemann, Rainer"]
[Black "Liedtke, Matthias"]
[Result "0-1"]
[WhiteElo "2188"]
[BlackElo "2037"]
[PlyCount "95"]
[EventDate "2020.04.18"]
[EventType "swiss (blitz)"]
[EventRounds "13"]
[EventCountry "GER"]
[SourceTitle "CBM 195 Extra"]
[Source "ChessBase"]
[SourceDate "2020.05.31"]
[SourceVersion "1"]
[SourceVersionDate "2020.05.31"]
[SourceQuality "1"]

1. c4 Nf6 2. g3 g6 3. Bg2 Bg7 4. Nc3 0-0 5. e4 d6 6. Nge2 c5 7. d3 Nc6 8. 0-0 a6 9. a4 Ne8 10. Be3 Nc7 11. d4 cxd4 12. Nxd4 Bd7 13. Rb1 Ne6 14. Nde2 Nb4 15. Nd5 Nxd5 16. exd5 Nc5 17. Bxc5 dxc5 18. b3 b5 19. axb5 axb5 20. d6 Ra2 21. dxe7 Qxe7 22. Nf4 Bf5 23. Rc1 b4 24. Re1 Qa7 25. Nd5 Bd4 26. Re2 Kg7 27. Rxa2 Qxa2 28. Qf3 Re8 29. g4 Be4 30. Qg3 Bc2 31. g5 Qxb3 32. Qf4 Qb2 33. Nf6 Re2 34. Rf1 Bf5 35. Nh5+ gxh5 36. Qxf5 Qc2 37. Qd5 b3 38. Bf3 Rxf2 39. Qxd4+ cxd4 40. Rxf2 Qc1+ 41. Kg2 b2 42. Be4 b1Q 43. Bxb1 Qxb1 44. c5 Qc1 45. Rf5 d3 46. c6 Qxc6+ 47. Kh3 Qe6 48. g6 0-1

[Event "GER-ch Net Amateur Gr-A Final"]
[Site "Playchess.com INT"]
[Date "2020.04.18"]
[Round "7"]
[White "Roesemann, Rainer"]
[Black "Marcziter, Dmitrii"]
[Result "1-0"]
[WhiteElo "2188"]
[BlackElo "2075"]
[PlyCount "153"]
[EventDate "2020.04.18"]
[EventType "swiss (blitz)"]
[EventRounds "13"]
[EventCountry "GER"]
[SourceTitle "CBM 195 Extra"]
[Source "ChessBase"]
[SourceDate "2020.05.31"]
[SourceVersion "1"]
[SourceVersionDate "2020.05.31"]
[SourceQuality "1"]

1. c4 Nf6 2. g3 g6 3. Bg2 c5 4. Nc3 Bg7 5. e4 d6 6. Nge2 e5 7. d3 h6 8. h3 0-0 9. Be3 Nc6 10. Qd2 Kh7 11. f4 Nd4 12. 0-0 Qa5 13. f5 gxf5 14. exf5 Bxf5 15. g4 Bg6 16. g5 hxg5 17. Bxg5 Nh5 18. Rf2 Rab8 19. Raf1 f5 20. Bf3 Nf6 21. Rg2 b5 22. Nxd4 cxd4 23. Nxb5 Qxd2 24. Bxd2 a6 25. Nxd6 Rxb2 26. a3 e4 27. Bd1 e3 28. Bb4 Rxg2+ 29. Kxg2 Nh5 30. Bxh5 Bxh5 31. Rxf5 Be2 32. Rxf8 Bxf8 33. Nf5 Bxb4 34. axb4 Bxd3 35. Nxd4 Bxc4 36. Kf3 Bf1 37. h4 Kh6 38. Kxe3 Kh5 39. Nf3 Bb5 40. Kf4 Bc6 41. Ne5 Bb5 42. Kg3 Bf1 43. Ng4 Bb5 44. Nf6+ Kg6 45. Nd5 Kh5 46. Nf4+ Kh6 47. h5 Be8 48. Kh4 Bd7 49. Nd5 Bb5 50. Nf6 Be2 51. Ng4+ Kh7 52. Kg5 Bb5 53. Nf6+ Kh8 54. h6 Bd3 55. Ng4 Kh7 56. Ne5 Bc2 57. Nd7 Kh8 58. Nc5 Kg8 59. Nxa6 Kf7 60. Nc5 Ke7 61. Nb3 Kd6 62. Nd4 Bh7 63. Nb5+ Kc6 64. Na3 Kd5 65. Kf6 Kd4 66. Kg7 Kc3 67. b5 Kb3 68. Kxh7 Kxa3 69. Kg7 Ka4 70. h7 Kxb5 71. h8Q Kc5 72. Qe8 Kd4 73. Kf6 Kd3 74. Qe5 Kc4 75. Kf5 Kd3 76. Kf4 Kc4 77. Ke4 1-0

[Event "GER-ch Net Amateur Gr-A Final"]
[Site "Playchess.com INT"]
[Date "2020.04.18"]
[Round "9"]
[White "Roesemann, Rainer"]
[Black "Vatter, Hans Joachim"]
[Result "0-1"]
[WhiteElo "2188"]
[BlackElo "1976"]
[PlyCount "74"]
[EventDate "2020.04.18"]
[EventType "swiss (blitz)"]
[EventRounds "13"]
[EventCountry "GER"]
[SourceTitle "CBM 195 Extra"]
[Source "ChessBase"]
[SourceDate "2020.05.31"]
[SourceVersion "1"]
[SourceVersionDate "2020.05.31"]
[SourceQuality "1"]

1. c4 e5 2. g3 Nc6 3. Bg2 Bc5 4. Nc3 d6 5. e3 a6 6. Nge2 Ba7 7. 0-0 h5 8. f4 h4 9. b3 hxg3 10. hxg3 Nf6 11. Nd5 Ng4 12. Bb2 Be6 13. Nec3 f5 14. b4 Qd7 15. b5 Nd8 16. Ba3 Qf7 17. b6 Qh5 18. Re1 Qh2+ 19. Kf1 Qxg3 20. Qe2 Bxb6 21. Nxb6 cxb6 22. Bxd6 Rh1+ 23. Bxh1 Nh2+ 24. Qxh2 Qxh2 25. Bg2 Bxc4+ 26. Kf2 Qh4+ 27. Kg1 Nc6 28. e4 0-0-0 29. fxe5 Nxe5 30. Bxe5 Rxd2 31. Rf1 Bxf1 32. Rxf1 fxe4 33. Nxe4 Rxg2+ 34. Kxg2 Qxe4+ 35. Rf3 Qxe5 36. Rg3 Qxg3+ 37. Kxg3 b5 0-1

[Event "GER-ch Net Amateur Gr-A Vor1"]
[Site "Playchess.com INT"]
[Date "2020.04.14"]
[Round "3"]
[White "Schaller, Torsten"]
[Black "Roesemann, Rainer"]
[Result "1-0"]
[WhiteElo "1884"]
[BlackElo "2156"]
[PlyCount "101"]
[EventDate "2020.04.14"]
[EventType "swiss (blitz)"]
[EventRounds "9"]
[EventCountry "GER"]
[SourceTitle "EXT 2021"]
[Source "ChessBase"]
[SourceDate "2020.10.23"]
[SourceVersion "1"]
[SourceVersionDate "2020.10.23"]
[SourceQuality "1"]

1. d4 d5 2. c4 Nc6 3. Nc3 dxc4 4. d5 Ne5 5. Bf4 Ng6 6. Bg3 e5 7. e4 Bd6 8. Bxc4 N8e7 9. Nge2 0-0 10. 0-0 a6 11. a3 b5 12. Ba2 f5 13. f3 Kh8 14. Bf2 fxe4 15. Nxe4 Bf5 16. Nc5 Nf4 17. Nxf4 exf4 18. Bd4 Ng6 19. Qd2 Qg5 20. b4 Nh4 21. Kh1 Rae8 22. Rae1 Re3 23. Bxe3 fxe3 24. Rxe3 Bf4 25. Rfe1 Bxe3 26. Rxe3 h6 27. Re2 Qxd2 28. Rxd2 Re8 29. Kg1 Bc8 30. Kf2 g5 31. d6 cxd6 32. Rxd6 Kg7 33. Ne6+ Bxe6 34. Bxe6 Ng6 35. Bf5 Nf4 36. g3 Ne2 37. Rg6+ Kf7 38. Rc6 Nd4 39. Bg6+ Kg7 40. Bxe8 Nxc6 41. Bxc6 Kf6 42. Bb7 a5 43. Ba6 Ke5 44. Bxb5 axb4 45. axb4 Kd6 46. Bd3 Kc7 47. Ke3 Kb6 48. Kd4 h5 49. Ke5 h4 50. gxh4 gxh4 51. f4 1-0

[Event "GER-ch Net blitz qual5"]
[Site "Playchess.com INT"]
[Date "2020.03.28"]
[Round "6"]
[White "Boos, Markus"]
[Black "Roesemann, Rainer"]
[Result "0-1"]
[WhiteElo "2153"]
[BlackElo "2247"]
[PlyCount "50"]
[EventDate "2020.03.28"]
[EventType "swiss (blitz)"]
[EventRounds "13"]
[EventCountry "GER"]
[SourceTitle "CBM 195 Extra"]
[Source "ChessBase"]
[SourceDate "2020.05.31"]
[SourceVersion "1"]
[SourceVersionDate "2020.05.31"]
[SourceQuality "1"]

1. Nf3 c5 2. g3 Nc6 3. Bg2 e5 4. d3 Nge7 5. 0-0 g6 6. e4 Bg7 7. c3 0-0 8. Be3 d6 9. h3 h6 10. Nh2 Be6 11. f4 Qd7 12. g4 exf4 13. Bxf4 d5 14. Nd2 Rad8 15. Qe2 dxe4 16. dxe4 Ne5 17. Rfd1 Qd3 18. Qxd3 Nxd3 19. Be3 Nxb2 20. Rdc1 Nd3 21. Rc2 b6 22. Ndf3 Nc6 23. a4 Bb3 24. Rd2 Bxc3 25. Bxh6 Bxa1 0-1

[Event "GER-ch Net blitz qual3"]
[Site "Playchess.com INT"]
[Date "2020.03.21"]
[Round "3"]
[White "Krastev, Alexander"]
[Black "Roesemann, Rainer"]
[Result "0-1"]
[WhiteElo "2340"]
[BlackElo "2247"]
[PlyCount "92"]
[EventDate "2020.03.21"]
[EventType "swiss (blitz)"]
[EventRounds "9"]
[EventCountry "GER"]
[SourceTitle "CBM 195 Extra"]
[Source "ChessBase"]
[SourceDate "2020.05.31"]
[SourceVersion "1"]
[SourceVersionDate "2020.05.31"]
[SourceQuality "1"]

1. e4 c6 2. Nc3 d5 3. Qf3 dxe4 4. Nxe4 Nf6 5. Bc4 Qd4 6. Nxf6+ exf6 7. d3 Bg4 8. Qe3+ Qxe3+ 9. Bxe3 Nd7 10. h3 Be6 11. Ne2 Bxc4 12. dxc4 Be7 13. 0-0-0 Ne5 14. b3 0-0 15. Nd4 a5 16. a4 Bc5 17. Nf5 Bxe3+ 18. Nxe3 g6 19. Kb2 Rfd8 20. Kc3 Nd7 21. Rd6 Nc5 22. Rxd8+ Rxd8 23. f3 f5 24. Rd1 Re8 25. Nf1 Re2 26. Rd2 Re1 27. Ng3 Ne6 28. Ne2 c5 29. Kd3 Kg7 30. Ke3 Rf1 31. Rd7 g5 32. Rxb7 f4+ 33. Kd3 Rf2 34. Ra7 Rxg2 35. Rxa5 Rh2 36. Rb5 Rxh3 37. a5 Rxf3+ 38. Kd2 Rf1 39. Nc1 f3 40. a6 f2 41. a7 Rxc1 42. a8Q f1Q 43. Qe4 Qd1+ 44. Kc3 Qe1+ 45. Qxe1 Rxe1 46. Rb6 g4 0-1

[Event "GER-ch Net blitz qual3"]
[Site "Playchess.com INT"]
[Date "2020.03.21"]
[Round "5"]
[White "Roesemann, Rainer"]
[Black "Winkels, Marcel"]
[Result "1-0"]
[WhiteElo "2247"]
[BlackElo "1990"]
[PlyCount "147"]
[EventDate "2020.03.21"]
[EventType "swiss (blitz)"]
[EventRounds "9"]
[EventCountry "GER"]
[SourceTitle "CBM 195 Extra"]
[Source "ChessBase"]
[SourceDate "2020.05.31"]
[SourceVersion "1"]
[SourceVersionDate "2020.05.31"]
[SourceQuality "1"]

1. c4 Nf6 2. g3 g6 3. Bg2 Bg7 4. Nc3 0-0 5. e4 d6 6. Nge2 e5 7. d3 c6 8. 0-0 Be6 9. f4 Qc8 10. b3 Bh3 11. f5 Bxg2 12. Kxg2 Na6 13. h3 d5 14. g4 dxe4 15. dxe4 Rd8 16. Qe1 Nc5 17. Ng3 Nd3 18. Qe3 Nxc1 19. Raxc1 Rd4 20. g5 Nd7 21. f6 Bf8 22. Nce2 Rd6 23. Rfd1 Qc7 24. h4 Rd8 25. h5 Rxd1 26. Rxd1 Nc5 27. Rxd8 Qxd8 28. hxg6 hxg6 29. Ng1 Qd3 30. Qxd3 Nxd3 31. N3e2 Nb4 32. Nc3 Bc5 33. a3 Bd4 34. Nce2 Nc2 35. Nf3 Bb2 36. a4 Kf8 37. Kf2 Ke8 38. Ng3 Kd7 39. Ke2 Ke6 40. Nf1 Nd4+ 41. Nxd4+ Bxd4 42. Kd3 Bb2 43. Nd2 Kd6 44. b4 a6 45. c5+ Ke6 46. Kc2 Bd4 47. Nc4 Kd7 48. Nd6 Ke6 49. Nxb7 Be3 50. Nd8+ Kd7 51. Nxf7 Ke6 52. Nd8+ Kd7 53. f7 Ke7 54. Nxc6+ Kxf7 55. Nxe5+ Kg7 56. Nf3 a5 57. c6 Bb6 58. b5 Kf7 59. Kd3 Ke6 60. Kc4 Kd6 61. Nd4 Ke5 62. Kd3 Kd6 63. Nf3 Ke6 64. e5 Kf5 65. Kc4 Ke6 66. Kc3 Kf5 67. Kd3 Ke6 68. Ke4 Bc7 69. Nd4+ Ke7 70. Kd5 Bb6 71. Ne6 Be3 72. Nc5 Bxg5 73. b6 Be3 74. c7 1-0

[Event "Oberliga Ost-A 1920"]
[Site "Germany"]
[Date "2020.03.01"]
[Round "9.5"]
[White "Richter, Dustin"]
[Black "Roesemann, Rainer"]
[Result "0-1"]
[WhiteElo "2141"]
[BlackElo "2247"]
[PlyCount "56"]
[EventDate "2019.09.29"]
[EventType "team-tourn"]
[EventRounds "11"]
[EventCountry "GER"]
[SourceTitle "EXT 2023"]
[Source "ChessBase"]
[SourceDate "2022.10.05"]
[SourceVersion "1"]
[SourceVersionDate "2022.10.05"]
[SourceQuality "1"]
[WhiteTeam "Sangerhausen"]
[BlackTeam "Leipzig SG"]
[WhiteTeamCountry "GER"]
[BlackTeamCountry "GER"]

1. Nf3 c5 2. c4 Nc6 3. e3 Nf6 4. d4 cxd4 5. Nxd4 g6 6. b3 Bg7 7. Bb2 0-0 8. Be2 d5 9. cxd5 Nxd4 10. Qxd4 Qxd5 11. Bf3 Qa5+ 12. Qd2 Qc7 13. Qc3 Qb6 14. Qd4 Qa6 15. Be2 Qa5+ 16. Qd2 Qg5 17. Bf3 Bg4 18. Bxg4 Qxg4 19. f3 Qg5 20. 0-0 Rfd8 21. Qe2 Bh6 22. Re1 Rd7 23. Nc3 Rad8 24. Rad1 Qxe3+ 25. Qxe3 Bxe3+ 26. Kf1 Bd2 27. Re5 Bxc3 28. Rxd7 Nxd7 0-1

[Event "Oberliga Ost-A 1920"]
[Site "Germany"]
[Date "2020.02.29"]
[Round "8.5"]
[White "Roesemann, Rainer"]
[Black "Reipsch, Jens"]
[Result "1/2-1/2"]
[WhiteElo "2247"]
[BlackElo "2243"]
[PlyCount "89"]
[EventDate "2019.09.29"]
[EventType "team-tourn"]
[EventRounds "11"]
[EventCountry "GER"]
[SourceTitle "EXT 2023"]
[Source "ChessBase"]
[SourceDate "2022.10.05"]
[SourceVersion "1"]
[SourceVersionDate "2022.10.05"]
[SourceQuality "1"]
[WhiteTeam "Leipzig SG"]
[BlackTeam "Halle USV"]
[WhiteTeamCountry "GER"]
[BlackTeamCountry "GER"]

1. c4 e5 2. g3 Nc6 3. Bg2 Bc5 4. Nc3 a6 5. e3 d6 6. Nge2 h5 7. d4 Ba7 8. b4 h4 9. Bb2 Nf6 10. b5 axb5 11. cxb5 Ne7 12. dxe5 dxe5 13. Qa4 c6 14. bxc6 bxc6 15. Rd1 Bd7 16. Ne4 Bd4 17. Nxf6+ gxf6 18. Qc2 Bxb2 19. Qxb2 Qa5+ 20. Nc3 hxg3 21. hxg3 Rxh1+ 22. Bxh1 Be6 23. Rd2 Bd5 24. Be4 Rd8 25. a4 Bxe4 26. Nxe4 Nd5 27. Qc2 Nb4 28. Rxd8+ Qxd8 29. Qc4 Qe7 30. Nxf6+ Kf8 31. Qh4 Qb7 32. Qh8+ Ke7 33. Ng8+ Kd7 34. Qf6 Qb8 35. Qxf7+ Kd6 36. Qe7+ Kd5 37. Nf6+ Kc4 38. Nd7 Nd3+ 39. Kf1 Qb2 40. Qf7+ Kc3 41. Qf6 Qb1+ 42. Kg2 Ne1+ 43. Kf1 Nd3+ 44. Ke2 Qa2+ 45. Kf1 1/2-1/2

[Event "Marianske Lazne IM-B1 19th"]
[Site "Marianske Lazne"]
[Date "2020.01.20"]
[Round "3"]
[White "Roesemann, Rainer"]
[Black "Tymrakiewicz, Rafal"]
[Result "1-0"]
[WhiteElo "2231"]
[BlackElo "2254"]
[PlyCount "133"]
[EventDate "2020.01.18"]
[EventType "tourn"]
[EventRounds "9"]
[EventCountry "CZE"]
[SourceTitle "CBM 194 Extra"]
[Source "ChessBase"]
[SourceDate "2020.03.31"]
[SourceVersion "1"]
[SourceVersionDate "2020.03.31"]
[SourceQuality "1"]

1. c4 g6 2. g3 Bg7 3. Bg2 e5 4. Nc3 d6 5. e4 Nc6 6. d3 Be6 7. Nge2 h5 8. Be3 h4 9. Qd2 Qd7 10. Nd5 Nd8 11. f4 c6 12. Ndc3 Ne7 13. 0-0-0 Bg4 14. Rdf1 Ne6 15. d4 h3 16. Bf3 Bxf3 17. Rxf3 exd4 18. Nxd4 f5 19. exf5 Nxf5 20. Nxf5 gxf5 21. Rd1 Kf7 22. Qd3 Bxc3 23. Qxc3 Rad8 24. Qd3 Ng7 25. Bd4 Rhe8 26. Qf1 Re4 27. Qxh3 Qe6 28. Rfd3 Qxc4+ 29. Bc3 d5 30. Rd4 Rxd4 31. Rxd4 Qe2 32. Qh6 Qe6 33. Qg5 Qe7 34. Qxe7+ Kxe7 35. Rb4 Ne8 36. Rxb7+ Ke6 37. Bb4 Rd7 38. Rxd7 Kxd7 39. Bc5 a6 40. b4 Nf6 41. Bd4 Ne4 42. Kc2 a5 43. bxa5 c5 44. Be3 Kc6 45. Kd3 Kb5 46. a6 Kxa6 47. Bxc5 Kb5 48. Be7 Kc6 49. Kd4 Nd2 50. h4 Nf3+ 51. Ke3 Nh2 52. h5 Kd7 53. Bc5 Ke6 54. a4 Nf1+ 55. Kf2 Nd2 56. Bb4 Ne4+ 57. Kf3 d4 58. a5 Kd5 59. h6 Nf6 60. Be7 Nh7 61. Ke2 Kc6 62. Kd3 Kb5 63. Bd8 Nf8 64. Kxd4 Ne6+ 65. Ke5 Nxd8 66. Kf6 Kxa5 67. h7 1-0

[Event "Marianske Lazne IM-B1 19th"]
[Site "Marianske Lazne"]
[Date "2020.01.18"]
[Round "1"]
[White "Roesemann, Rainer"]
[Black "Vagman, Roy"]
[Result "0-1"]
[WhiteElo "2231"]
[BlackElo "2089"]
[PlyCount "100"]
[EventDate "2020.01.18"]
[EventType "tourn"]
[EventRounds "9"]
[EventCountry "CZE"]
[SourceTitle "CBM 194 Extra"]
[Source "ChessBase"]
[SourceDate "2020.03.31"]
[SourceVersion "1"]
[SourceVersionDate "2020.03.31"]
[SourceQuality "1"]

1. d4 Nf6 2. Bf4 d5 3. e3 c5 4. c3 Nc6 5. Nd2 Bf5 6. Qb3 Qc8 7. Ngf3 c4 8. Qd1 h6 9. b3 b5 10. Ne5 e6 11. bxc4 dxc4 12. Bxc4 Nxe5 13. dxe5 bxc4 14. exf6 Bd3 15. Be5 gxf6 16. Bxf6 Rg8 17. Qf3 Rb8 18. h4 Qb7 19. Rd1 Qxf3 20. gxf3 Ba3 21. Ne4 Rg2 22. Rxd3 cxd3 23. Kd2 Be7 24. Kxd3 Bxf6 25. Nxf6+ Ke7 26. Ng4 h5 27. Ne5 Rb2 28. a4 Rgxf2 29. f4 a6 30. Kc4 Rfe2 31. Rd1 Rxe3 32. Rd7+ Ke8 33. Ra7 Re4+ 34. Kc5 Rxf4 35. Rxa6 Rf5 36. Kd4 Rd2+ 37. Ke3 Rh2 38. Ra8+ Ke7 39. Ra7+ Kf8 40. Nd7+ Kg7 41. c4 Rh3+ 42. Kd4 Rxh4+ 43. Kc3 Rh3+ 44. Kb4 Rh1 45. c5 Rb1+ 46. Ka5 h4 47. Ka6 h3 48. c6 h2 49. c7 h1Q 50. Nb6 Qc6 0-1

[Event "Oberliga Ost-A 1920"]
[Site "Germany"]
[Date "2019.11.16"]
[Round "2.5"]
[White "Roesemann, Rainer"]
[Black "Ulms, Sandra"]
[Result "1/2-1/2"]
[WhiteElo "2247"]
[BlackElo "2149"]
[PlyCount "119"]
[EventDate "2019.09.29"]
[EventType "team-tourn"]
[EventRounds "11"]
[EventCountry "GER"]
[SourceTitle "EXT 2021"]
[Source "ChessBase"]
[SourceDate "2020.10.23"]
[SourceVersion "1"]
[SourceVersionDate "2020.10.23"]
[SourceQuality "1"]
[WhiteTeam "Leipzig SG"]
[BlackTeam "Leipzig SG II"]
[WhiteTeamCountry "GER"]
[BlackTeamCountry "GER"]

1. c4 Nf6 2. g3 g6 3. Bg2 Bg7 4. Nc3 0-0 5. e4 c5 6. Nge2 Nc6 7. d3 Ne8 8. Be3 Nd4 9. 0-0 Nc7 10. Rb1 a5 11. f4 d6 12. h3 Rb8 13. g4 b5 14. Qd2 f5 15. exf5 gxf5 16. g5 e6 17. Ng3 Qe8 18. b3 Bb7 19. Bxb7 Rxb7 20. Nce2 Nxe2+ 21. Qxe2 Qc6 22. h4 b4 23. Rbc1 a4 24. h5 h6 25. Qd2 axb3 26. axb3 Ra7 27. d4 Ra3 28. Rb1 Rfa8 29. gxh6 Bxh6 30. d5 Qd7 31. dxe6 Qxe6 32. Qd3 Rf8 33. Rb2 Kh7 34. Bc1 Ra1 35. Re2 Qd7 36. Rfe1 Rf7 37. Bd2 Rxe1+ 38. Rxe1 Bg7 39. Be3 Na6 40. Rd1 Qe6 41. Kf2 Bf8 42. Bc1 Qf6 43. Be3 Nc7 44. Qc2 Qh4 45. Kg2 Qg4 46. Qe2 Qg7 47. h6 Qg6 48. Rh1 Bxh6 49. Kf2 Rg7 50. Qf3 Ne8 51. Bc1 Nf6 52. Rh3 Ne4+ 53. Nxe4 fxe4 54. Qh1 Re7 55. Be3 Qf6 56. f5 Qb2+ 57. Ke1 Qb1+ 58. Kf2 Qb2+ 59. Kf1 Qb1+ 60. Kf2 1/2-1/2

[Event "Pardubice Czech op-E 30th"]
[Site "Pardubice"]
[Date "2019.07.14"]
[Round "7.3"]
[White "Blatny, Pavel"]
[Black "Roesemann, Rainer"]
[Result "1/2-1/2"]
[WhiteElo "2321"]
[BlackElo "2227"]
[PlyCount "94"]
[EventDate "2019.07.11"]
[EventType "team-swiss"]
[EventRounds "7"]
[EventCountry "CZE"]
[SourceTitle "EXT 2020"]
[Source "ChessBase"]
[SourceDate "2019.10.17"]
[SourceVersion "1"]
[SourceVersionDate "2019.10.17"]
[SourceQuality "1"]
[WhiteTeam "Brno Moravska Slavia"]
[BlackTeam "Leipzig SG"]
[WhiteTeamCountry "CZE"]
[BlackTeamCountry "GER"]

1. e3 d5 2. b3 Nf6 3. Bb2 c5 4. f4 g6 5. Be2 Bg7 6. Nf3 Nc6 7. Ne5 Qc7 8. Nxc6 Qxc6 9. Bf3 0-0 10. c4 e6 11. Nc3 Ne4 12. Qc2 Nxc3 13. Bxc3 Qd6 14. Bxg7 Kxg7 15. cxd5 exd5 16. Rc1 b6 17. Qb2+ Kg8 18. d4 Qe7 19. Kf2 Be6 20. Rhd1 Rfd8 21. Rd2 Rac8 22. dxc5 Rxc5 23. Rcd1 Rdc8 24. Qd4 Rc2 25. g3 Qa3 26. Bxd5 Bxd5 27. Qxd5 Qxa2 28. Kf3 Rxd2 29. Rxd2 Rc2 30. Rxc2 Qxc2 31. h4 Qb1 32. e4 Qf1+ 33. Kg4 h6 34. Qd2 Qb5 35. Qc2 h5+ 36. Kh3 Qf1+ 37. Kh2 a5 38. e5 Kh7 39. e6 fxe6 40. Qc7+ Kh6 41. Qxb6 Qe2+ 42. Kg1 Qf3 43. Kh2 Qe2+ 44. Kh3 Qf1+ 45. Kh2 Qe2+ 46. Kg1 Qf3 47. Kh2 Qe2+ 1/2-1/2

[Event "Pardubice Czech op-E 30th"]
[Site "Pardubice"]
[Date "2019.07.12"]
[Round "3.2"]
[White "Belyakov, Bogdan"]
[Black "Roesemann, Rainer"]
[Result "1-0"]
[WhiteElo "2500"]
[BlackElo "2227"]
[PlyCount "69"]
[EventDate "2019.07.11"]
[EventType "team-swiss"]
[EventRounds "7"]
[EventCountry "CZE"]
[SourceTitle "EXT 2020"]
[Source "ChessBase"]
[SourceDate "2019.10.17"]
[SourceVersion "1"]
[SourceVersionDate "2019.10.17"]
[SourceQuality "1"]
[WhiteTeam "Yamal"]
[BlackTeam "Leipzig SG"]
[WhiteTeamCountry "RUS"]
[BlackTeamCountry "GER"]

1. e4 c6 2. d4 d5 3. exd5 cxd5 4. c4 Nf6 5. Nc3 Nc6 6. Nf3 Bg4 7. cxd5 Nxd5 8. Qb3 Bxf3 9. gxf3 e6 10. Qxb7 Nxd4 11. Bb5+ Nxb5 12. Qc6+ Ke7 13. Qxb5 Nxc3 14. bxc3 Rb8 15. Qc5+ Ke8 16. Qxa7 Bd6 17. Ke2 Qd7 18. Qxd7+ Kxd7 19. Rd1 Kc6 20. h3 Rb5 21. Be3 Ra8 22. a4 Rh5 23. Rd4 e5 24. Rg4 g6 25. Rd1 Ra6 26. Rc4+ Kd7 27. Bc5 Ke6 28. Bxd6 Rxd6 29. Rxd6+ Kxd6 30. h4 Kd5 31. Rb4 Rf5 32. a5 Kc6 33. a6 e4 34. fxe4 Ra5 35. Rb7 1-0